All Naruto Arcs - Statistics

General Stats
  • This quiz has been taken 177 times
  • The average score is 7 of 16
Answer Stats
Manga Chapters Hint Answer % Correct
413-453 Naruto Shippuden Pain's Assault
72%
34-115 OG Naruto Chunin Exams
70%
1-33 OG Naruto Land Of Waves
63%
172-238 OG Naruto Sasuke Retrieval
60%
139-171 OG Naruto Search For Tsunade
53%
311-342 Naruto Shippuden Akatsuki Suppresion Mission
52%
116-138 OG Naruto Konoha Crush
45%
245-281 Naruto Shippuden Kazekage Rescue
39%
343-367 Naruto Shippuden Itachi Pursuit
35%
367-383 Naruto Shippuden Tale Of Jiraiya
33%
282-310 Naruto Shippuden Tenchi Bridge Mission
31%
454-483 Naruto Shippuden The Five Kage Summit
31%
678-700 Naruto Shippuden Kaguya Ōtsutsuki Strikes
27%
239-245 Naruto Side Story Kakashi Gaiden
23%
384-412 Naruto Shippuden Fated Battle Between Brothers
19%
484-677 Naruto Shippuden Fourth Shinobi World War
16%
No matching quizzes found
Score Distribution
Percent of People with Each Score
Percentile by Number Answered
Your Score History
You have not taken this quiz